Lyrics To Steal My Girl - One Direction - Statistics

General Stats
  • This quiz has been taken 641 times
  • The average score is 34 of 43
Answer Stats
hint Answer % Correct
she be my queen
98%
since we were sixteen
97%
we dream the same dreams
95%
i ____ i ____ i ____ for sure know
95%
her dad calls me son
95%
everybody wanna steal my girl
95%
we want the same things
95%
cause she is the one
93%
everybody wanna steal my girl
93%
everybody wanna take her heart away
92%
her mum calls me love
92%
i got it all
89%
everyody wanna take her heart away
89%
find another one cause she belongs to me
88%
find another one cause she belongs to me
88%
but i ____ i ____ i ____ for sure know
88%
couple billion in the whole wide world
87%
when she's in those jeans
86%
everybody wanna steal my girl
86%
the sun doesn't shine
85%
couple billion in the whole wide world
85%
the world doesn't turn
84%
everybody wanna take her heart away
83%
find another one cause she belongs to me
80%
she ____ she ____ knows
80%
she _____ she _____ knows
78%
if i don't have her
77%
couple billion in the whole wide world
77%
and every jaw drops
74%
everybody wanna steal my girl
73%
her walk is so mean
72%
that i never let her down before
69%
everybody wanna take her heart away
69%
everbody wanna steal my girl
69%
find another one cause she belongs to me
67%
i don't exist
67%
couple billion in the whole wide world
66%
everybody wanna take her heart away
65%
she belongs to me
64%
couple billion in the whole wide world
63%
kisses like cream
60%
find another one cause she belongs to me
54%
that i'm never gonna let another take her love from me now
40%
No matching quizzes found
Score Distribution
Percent of People with Each Score
Percentile by Number Answered
Your Score History
You have not taken this quiz